[Event "SVK-ch Seniors-A"]
[Site "Tatranske Matliare"]
[Date "2011.05.??"]
[Round "4"]
[White "Perasin, Marian"]
[Black "Butora, Frantisek"]
[Result "1/2-1/2"]
[WhiteElo "1804"]
[BlackElo "1639"]
[PlyCount "154"]
[EventDate "2011.05.27"]
[EventType "swiss"]
[EventRounds "9"]
[EventCountry "SVK"]
[SourceTitle "EXT 2023"]
[Source "ChessBase"]
[SourceDate "2022.10.05"]
[SourceVersion "1"]
[SourceVersionDate "2022.10.05"]
[SourceQuality "1"]

1. d4 Nf6 2. Bf4 g6 3. e3 Bg7 4. Nf3 c5 5. c3 cxd4 6. exd4 Qa5 7. Bc4 0-0 8. 0-0 d5 9. Bd3 Nc6 10. Nbd2 Nd7 11. Re1 Qd8 12. Qb3 e6 13. Bb5 Qb6 14. Bxc6 bxc6 15. Qa3 c5 16. dxc5 Nxc5 17. Be3 d4 18. Nxd4 Nd7 19. N4f3 Qa6 20. Qb3 Rb8 21. Qc2 Rb7 22. Nb3 Qb5 23. Nfd4 Bxd4 24. Bxd4 e5 25. Be3 Re8 26. Red1 Re6 27. Qe4 a5 28. c4 Qb4 29. Bd2 f5 30. Qd5 Qd6 31. Qxa5 Re8 32. Be3 Qc6 33. Qd5+ Qe6 34. Rac1 Kf7 35. Rc2 Rc7 36. Na5 f4 37. Qxe6+ Rxe6 38. Bd2 Nc5 39. b4 Nb7 40. Nb3 Bd7 41. c5 Ba4 42. Rb2 Rd7 43. Kf1 Bb5+ 44. Ke1 Rd3 45. Rc1 Bc6 46. f3 g5 47. h3 e4 48. Rc3 exf3+ 49. Kf2 Re2+ 50. Kf1 Rxc3 51. Bxc3 Rxb2 52. Bxb2 fxg2+ 53. Kf2 f3 54. Nd4 Bd5 55. a4 Nd8 56. b5 Nb7 57. c6 Nd6 58. Nxf3 Bxf3 59. c7 Bb7 60. b6 Nc8 61. a5 Bc6 62. Bd4 Ke6 63. a6 Nxb6 64. Bxb6 Kd7 65. Kg3 h5 66. h4 g4 67. Kf4 g1Q 68. Bxg1 Kxc7 69. Kg5 Be8 70. Bh2+ Kc6 71. Bg1 g3 72. Kf4 g2 73. Kg3 Bd7 74. Kxg2 Bg4 75. Kg3 Bc8 76. a7 Kb7 77. Kf4 Bg4 1/2-1/2

[Event "Bratislava MMX op"]
[Site "Bratislava"]
[Date "2010.08.28"]
[Round "1"]
[White "Dujava, Daniel"]
[Black "Perasin, Marian"]
[Result "1-0"]
[WhiteElo "1896"]
[BlackElo "1820"]
[PlyCount "53"]
[EventDate "2010.08.28"]
[EventType "swiss"]
[EventRounds "9"]
[EventCountry "SVK"]
[SourceTitle "EXT 2011"]
[Source "ChessBase"]
[SourceDate "2010.11.26"]
[SourceVersion "1"]
[SourceVersionDate "2010.11.26"]
[SourceQuality "1"]

1. e4 d5 2. exd5 Qxd5 3. Nc3 Qa5 4. d4 Nf6 5. Nf3 c6 6. Bc4 Bf5 7. Bd2 Qc7 8. Ne5 e6 9. Qe2 Nbd7 10. 0-0-0 Bd6 11. Rhe1 0-0 12. g4 Bg6 13. h4 h5 14. Nxg6 fxg6 15. g5 Ng4 16. f3 Nh2 17. Qxe6+ Kh7 18. Bd3 Nf6 19. gxf6 Rxf6 20. Qe4 Nxf3 21. Rf1 Qf7 22. Be2 Re8 23. Qd3 Nxh4 24. Rxf6 gxf6 25. Rh1 Ng2 26. Bxh5 Kg7 27. Bxg6 1-0

[Event "SVK-ch Seniors-A"]
[Site "Tatranske Matliare"]
[Date "2010.06.??"]
[Round "7"]
[White "Perasin, Marian"]
[Black "Mathon, Dimitrij"]
[Result "0-1"]
[WhiteElo "1842"]
[BlackElo "1770"]
[PlyCount "47"]
[EventDate "2010.06.06"]
[EventType "swiss"]
[EventRounds "9"]
[EventCountry "SVK"]
[SourceTitle "EXT 2023"]
[Source "ChessBase"]
[SourceDate "2022.10.05"]
[SourceVersion "1"]
[SourceVersionDate "2022.10.05"]
[SourceQuality "1"]

1. d4 d5 2. Nf3 Nf6 3. e3 c6 4. Nbd2 e6 5. Bd3 Bd6 6. c3 b6 7. 0-0 Ba6 8. Qc2 Bxd3 9. Qxd3 0-0 10. Re1 Re8 11. e4 Bf4 12. e5 Nfd7 13. b4 c5 14. bxc5 bxc5 15. Qb5 Bxd2 16. Bxd2 Qc7 17. Rab1 Nc6 18. Qd3 c4 19. Qc2 f5 20. exf6 Nxf6 21. Ng5 Nd8 22. Re5 h6 23. Nf3 Qf7 24. Re2 0-1

[Event "SVK-ch Seniors-A"]
[Site "Tatranske Matliare"]
[Date "2010.06.??"]
[Round "6"]
[White "Stefanides, Karol"]
[Black "Perasin, Marian"]
[Result "1/2-1/2"]
[WhiteElo "1758"]
[BlackElo "1842"]
[PlyCount "20"]
[EventDate "2010.06.06"]
[EventType "swiss"]
[EventRounds "9"]
[EventCountry "SVK"]
[SourceTitle "EXT 2023"]
[Source "ChessBase"]
[SourceDate "2022.10.05"]
[SourceVersion "1"]
[SourceVersionDate "2022.10.05"]
[SourceQuality "1"]

1. c4 Nf6 2. d4 c6 3. Nc3 d5 4. cxd5 cxd5 5. Nf3 e6 6. e3 Nbd7 7. Bd3 a6 8. 0-0 Bd6 9. Qc2 0-0 10. Bd2 b5 1/2-1/2

[Event "SVK-ch Seniors-A"]
[Site "Tatranske Matliare"]
[Date "2009.??.??"]
[Round "3"]
[White "Benova, Zita"]
[Black "Perasin, Marian"]
[Result "1/2-1/2"]
[WhiteElo "1770"]
[BlackElo "1868"]
[PlyCount "34"]
[EventDate "2009.05.31"]
[EventType "swiss"]
[EventRounds "9"]
[EventCountry "SVK"]
[SourceTitle "EXT 2023"]
[Source "ChessBase"]
[SourceDate "2022.10.05"]
[SourceVersion "1"]
[SourceVersionDate "2022.10.05"]
[SourceQuality "1"]

1. Nf3 d5 2. d4 Nf6 3. e3 Bf5 4. c4 e6 5. c5 Be7 6. Qb3 Qc8 7. Be2 0-0 8. 0-0 b6 9. cxb6 axb6 10. Nc3 Nbd7 11. Ne5 c5 12. Nxd7 Nxd7 13. dxc5 bxc5 14. Bf3 c4 15. Qd1 Nf6 16. Ne2 Qb8 17. Ng3 Bg6 1/2-1/2

[Event "SVK-ch Seniors-A"]
[Site "Tatranske Matliare"]
[Date "2009.??.??"]
[Round "2"]
[White "Perasin, Marian"]
[Black "Tkac, Peter"]
[Result "1/2-1/2"]
[WhiteElo "1868"]
[BlackElo "1783"]
[PlyCount "28"]
[EventDate "2009.05.31"]
[EventType "swiss"]
[EventRounds "9"]
[EventCountry "SVK"]
[SourceTitle "EXT 2023"]
[Source "ChessBase"]
[SourceDate "2022.10.05"]
[SourceVersion "1"]
[SourceVersionDate "2022.10.05"]
[SourceQuality "1"]

1. d4 Nf6 2. Nf3 d5 3. g3 Bf5 4. Bg2 e6 5. 0-0 Nbd7 6. b3 c5 7. c4 dxc4 8. bxc4 cxd4 9. Nxd4 Be4 10. Nf3 Qb6 11. Qb3 Bc5 12. Nbd2 Bc6 13. Ba3 Rd8 14. Bxc5 Qxc5 1/2-1/2

[Event "SVK-ch Seniors"]
[Site "Tatranske Matliare"]
[Date "2008.06.14"]
[Round "9"]
[White "Perasin, Marian"]
[Black "Zuberec, Milan"]
[Result "0-1"]
[WhiteElo "1888"]
[BlackElo "2081"]
[PlyCount "48"]
[EventDate "2008.06.08"]
[EventType "swiss"]
[EventRounds "9"]
[EventCountry "SVK"]
[SourceTitle "EXT 2009"]
[Source "ChessBase"]
[SourceDate "2008.11.26"]
[SourceVersion "1"]
[SourceVersionDate "2008.11.26"]
[SourceQuality "1"]

1. d4 Nf6 2. Nf3 d6 3. g3 g6 4. Bg2 Bg7 5. 0-0 0-0 6. b3 Nbd7 7. Bb2 a5 8. a4 Re8 9. Nc3 e5 10. dxe5 dxe5 11. e4 Qe7 12. Re1 c6 13. Qd2 Nf8 14. Rad1 Bg4 15. Qd6 Bxf3 16. Bxf3 Ne6 17. Ba3 Qxd6 18. Bxd6 Nd4 19. Bg2 Nd7 20. Rd2 Re6 21. Ba3 b5 22. axb5 cxb5 23. Bb2 Nc5 24. Bf1 Nf3+ 0-1

[Event "SVK-ch Seniors"]
[Site "Tatranske Matliare"]
[Date "2008.06.09"]
[Round "2"]
[White "Perasin, Marian"]
[Black "Hudec, Jan"]
[Result "1/2-1/2"]
[WhiteElo "1888"]
[BlackElo "2065"]
[PlyCount "39"]
[EventDate "2008.06.08"]
[EventType "swiss"]
[EventRounds "9"]
[EventCountry "SVK"]
[SourceTitle "EXT 2009"]
[Source "ChessBase"]
[SourceDate "2008.11.26"]
[SourceVersion "1"]
[SourceVersionDate "2008.11.26"]
[SourceQuality "1"]

1. d4 d5 2. Nf3 c6 3. g3 e6 4. Bg2 f5 5. 0-0 Nf6 6. Bg5 Be7 7. Nbd2 0-0 8. c4 Qe8 9. e3 Nbd7 10. c5 Qh5 11. h3 h6 12. Bxf6 Bxf6 13. Nh2 Qxd1 14. Rfxd1 e5 15. Nb3 b6 16. Rac1 b5 17. Na5 exd4 18. exd4 Nb8 19. Nf3 Bd8 20. Nb3 1/2-1/2

[Event "Bratislava-ch"]
[Site "Bratislava"]
[Date "2003.04.12"]
[Round "8"]
[White "Bednar, Milan"]
[Black "Perasin, Marian"]
[Result "1-0"]
[WhiteElo "1939"]
[BlackElo "1736"]
[PlyCount "33"]
[EventDate "2003.03.??"]
[EventType "swiss"]
[EventRounds "9"]
[EventCountry "SVK"]
[SourceTitle "EXT 2006"]
[Source "ChessBase"]
[SourceDate "2005.11.24"]
[SourceVersion "1"]
[SourceVersionDate "2005.11.24"]
[SourceQuality "1"]

1. e4 d5 2. exd5 Qxd5 3. Nc3 Qa5 4. Nf3 Nf6 5. Be2 e5 6. d3 Nc6 7. Bd2 Bb4 8. 0-0 Be6 9. a3 Bxc3 10. Bxc3 Qd5 11. Ng5 Bd7 12. Bf3 Qd6 13. Re1 Nd5 14. Bxe5 Nxe5 15. d4 f6 16. dxe5 fxe5 17. Qxd5 1-0

[Event "Bratislava-ch"]
[Site "Bratislava"]
[Date "2003.04.06"]
[Round "5"]
[White "Perasin, Marian"]
[Black "Polasek, Filip"]
[Result "0-1"]
[WhiteElo "1736"]
[BlackElo "1906"]
[PlyCount "86"]
[EventDate "2003.03.??"]
[EventType "swiss"]
[EventRounds "9"]
[EventCountry "SVK"]
[SourceTitle "EXT 2006"]
[Source "ChessBase"]
[SourceDate "2005.11.24"]
[SourceVersion "1"]
[SourceVersionDate "2005.11.24"]
[SourceQuality "1"]

1. d4 d5 2. Nf3 e6 3. c4 Nf6 4. Nc3 Nbd7 5. e3 c6 6. Qc2 Be7 7. Bd3 dxc4 8. Bxc4 Nb6 9. Bd3 Nbd5 10. e4 Nb4 11. Qe2 Nxd3+ 12. Qxd3 0-0 13. Bf4 c5 14. e5 Nd5 15. Nxd5 Qxd5 16. 0-0 b6 17. Rfd1 c4 18. Qc3 Bb7 19. Rac1 Rac8 20. Bd2 Rfd8 21. Qe3 Qe4 22. Qxe4 Bxe4 23. Bc3 Bxf3 24. gxf3 Rd5 25. Kh1 b5 26. a3 Rcd8 27. Rd2 Bg5 28. Rcd1 Bxd2 29. Rxd2 h6 30. f4 Kh7 31. Kg2 Kg6 32. Kg3 Kf5 33. Kf3 a5 34. Ke3 Ra8 35. Rd1 g5 36. fxg5 hxg5 37. Rg1 Rh8 38. Rg2 Rh4 39. f3 Rd8 40. Rd2 a4 41. Bb4 Rh3 42. Be7 Rdh8 43. Rg2 R8h5 0-1